000 00428cam a2200145 4500
082 _a355.00942
_bFOR
100 1 _aFortescue, J. W.
_949223
245 1 0 _aMarlborough,
_cby the Honorable Sir John Fortescue.
260 _aNew York,
_bD. Appleton and Company,
_c1932.
300 _a170 p.
_billus.
_c20 cm.
490 1 _aAppleton biographies
526 _a0
_b0
_c0
_d355_009420000000000_FOR
650 _aMCE
_9379
942 _2ddc
_cBK
999 _c552297
_d552297